ბათუმის შოთა რუსთაველის სახელმწიფო უნივერსიტეტის ბიბლიოთეკა

საქართველოს კონსტიტუციის საფუძვლები : (ბიბ.ჩანაწერი № 53022)

000 -ლიდერი
ფიქსირებული სიგრძის საკონტროლო ველი 01239nam a2200277Ia 4500
001 - საკონტროლო ნომერი
საკონტროლო ველი 20055
003 - საკონტროლო ნომრის იდენტიფიკატორი
საკონტროლო ველი GE_BSU
005 - ბოლო ოპერაციის თარიღი და დრო
საკონტროლო ველი 20230223155633.0
008 - ფიქსირებული სიგრძის მონაცემთა ელემენტები - ზოგადი ინფორმაცია
ფიქსირებული სიგრძის საკონტროლო ველი 181216s2006ge xx |||||||||||||| ||geo||
020 ## - წიგნის საერთაშორისო სტანდარტული ნომერი
International Standard Book Number 9994007734
040 ## - კატალოგიზაციის წყარო
Transcribing agency GE_BSU
041 ## - ენის კოდი
Language code of text/sound track or separate title geo
080 ## - უნივერსალური ათობითი კლასიფიკაციის ინდექსი
Universal Decimal Classification number 342.4(479.22)(075.8) ნ-21
100 ## - მთავარი ჩანაწერი - პიროვნების სახელი
Personal name ნაკაშიძე, მალხაზ
9 (RLIN) 2936
245 ## - ცნობა სათაურის შესახებ
Title საქართველოს კონსტიტუციის საფუძვლები :
Remainder of title სახელმძღვანელო /
Statement of responsibility, etc მალხაზ ნაკაშიძე, რედ. გიორგი ხუბუა
264 ## - წარმოების, გამოცემის, დისტრიბუციის და სხვა ცნობები
გამოცემის, წარმოების, დისტრიბუციის... სახელწოდება ფავორიტი,
გამოცემის, წარმოების, დისტრიბუციის... თარიღი 2006.
300 ## - ფიზიკური აღწერა
Extent 280 გვ. :
Other physical details სქემ. ;
Dimensions 20 სმ.
504 ## - BIBLIOGRAPHY, ETC. NOTE
Bibliography, etc ბიბლიოგრ.: გვ. 263-268.
520 ## - SUMMARY, ETC.
Summary, etc რეზ. ინგლ. ენ.. - ბიბლიოგრ.
653 ## - INDEX TERM--UNCONTROLLED
Uncontrolled term სამართალმცოდნეობა
653 ## - INDEX TERM--UNCONTROLLED
Uncontrolled term საქართველოს კონსტიტუცია
653 ## - INDEX TERM--UNCONTROLLED
Uncontrolled term საქართველოს კონსტიტუციის საფუძვლები
700 ## - ADDED ENTRY--PERSONAL NAME
Personal name ხუბუა, გიორგი
9 (RLIN) 17016
942 ## - ADDED ENTRY ELEMENTS (KOHA)
Koha item type წიგნი
Source of classification or shelving scheme
ეგზემპლარები
ჩამოწერის სტატუსი დაკარგული ეგზემპლარის სტატუსი კლასიფიკაციის წყარო ან თაროზე გაწყობის სქემა დაზიანების სტატუსი არ გაიცემა მუდმივი მდებარეობა (დაცვის ადგილი) ამჟამინდელი ადგილსამყოფელი თაროზე განთავსების ადგილი შეძენის თარიღი ღირებულება, შესყიდვის ნორმალური ფასი სრული შენახვის შიფრი შტრიხკოდი ბოლო ოპერაციის თარიღი ეგზემპლარის მიმდევრობითი ნომერი (კეტერი?) ფასის ძალაში შესვლის თარიღი ეგზემპლარის სახეობა საჯარო შენიშვნა
          ბათუმის შოთა რუსთაველის სახელმწიფო უნივერსიტეტის მთავარი ბიბლიოთეკა ბათუმის შოთა რუსთაველის სახელმწიფო უნივერსიტეტის მთავარი ბიბლიოთეკა წიგნსაცავი 2018-12-17 10.00 342.4(479.22)(075.8) ნ-21 27859 2018-12-17 27859 2018-12-17 წიგნი 10.00
          ბათუმის შოთა რუსთაველის სახელმწიფო უნივერსიტეტის მთავარი ბიბლიოთეკა ბათუმის შოთა რუსთაველის სახელმწიფო უნივერსიტეტის მთავარი ბიბლიოთეკა წიგნსაცავი 2023-02-23 10.00 342.4(479.22)(075.8) ნ-21 63899 2023-02-23 63899 2023-02-23 წიგნი 10.00